000 00514cam a22001337a 4500
008 180718b2001 xxu||||| |||| 00| 0 eng d
082 _aA81x54 91/29&30/PT11
100 _aCensus of India 1991
245 _aDadra and Nagar Haveli and Daman and Diu: census atlas
260 _aDelhi
_bThe Controller of Publication
_c2001
300 _a83+p.
440 _aCensus of India 1991. Series-29 and 30, Dadra and Nagar Haveli and Daman and Diu. Part-xi
650 _aDadra and Nagar Haveli and Daman and Diu - Census - Maps
999 _c491974
_d491974